Biblioteca

Historia de la Iglesia / Jesús Álvarez Gómez, Juan María Laboa (Registro nro. 43788)

Detalles MARC
000 -LÍDER
Campo fijo de descripción fija 009710000a22002290004500
020 ## - NÚMERO INTERNACIONAL NORMALIZADO PARA LIBROS
Número Internacional Normalizado del libro 87-7914-564-1,
-- 43.400
082 04 - NÚMERO DE CLASIFICACIÓN DECIMAL DEWEY
Número de clasificación G 270 A4731h
001 - NÚMERO DE CONTROL
Campo de control 14972
100 1# - ASIENTO PRINCIPAL--NOMBRE PERSONAL
Nombre personal Álvarez Gómez, Jesús 355 p.
245 10 - TÍTULO
Título del Material Historia de la Iglesia / Jesús Álvarez Gómez, Juan María Laboa
260 ## - PUBLICACIÓN, DISTRIBUCIÓN, ETC. (PIE DE IMPRENTA)
Lugar de publicación, distribución, etc. Madrid : Biblioteca de Autores Cristianos
300 ## - DESCRIPCIÓN FÍSICA
Extensión 355 p. / t.1 , t.4
336 ## - CONTENT TYPE
Content type term texto
Content type code txt
Source rdacontent
337 ## - MEDIA TYPE
Source rdamedia
Media type term sin mediación
Media type code n
338 ## - CARRIER TYPE
Source rdacarrier
Carrier type term volumen
Carrier type code nc
500 ## - NOTA GENERAL
Nota General Biblioteca tiene Tomo I y Tomo IV
505 00 - NOTA DE CONTENIDO
Nota de contenido con formato preestablecido t.1 Edad antigua / Juan María Laboa - t.4 Época contemporánea / Jesús Álvarez Gómez
600 14 -
-- Laboa, Juan María
650 14 - ASIENTO SECUNDARIO DE MATERIA - TERMINO TEMÁTICO
Término temático o nombre geográfico como elemento de entrada IGLESIA - HISTORIA \ IGLESIA - HISTORIA - PERIODO PRIMITIVO, 30-600 \ IGLESIA - HISTORIA ANTIGUA \ IGLESIA - HISTORIA - SIGLO XIX \ IGLESIA - HISTORIA - EPOCA CONTEMPORANEA
942 ## - TIPO DE MATERIAL (KOHA)
Tipo de Item KOHA Libros General
Existencias
Estado de Material Estado de Perdido Estado de Dañado No para Préstamo Colección Tomo Biblioteca de Origen Biblioteca Permanente Fecha de Adquisición Total de Préstamos Total de Renovaciones Signatura Topográfica Código de Barras Última vez visto Última vez Préstado Ejemplar/Existencia Fecha de Remplazo Tipo de Material
        Colección General 1 Biblioteca FUSBC Biblioteca FUSBC 23/07/2009 3 1 G 270 A4731h 17063 02/11/2022 19/10/2022 1 26/01/2016 Libros General
        Colección General 4 Biblioteca FUSBC Biblioteca FUSBC 23/07/2009 1   G 270 A4731h 17064 15/11/2024 26/02/2022 1 26/01/2016 Libros General

Biblioteca FUSBC | Teléfono: (57+4) 349 88 10 Ext. 141| WhatsApp (+57) 3005338115 
E-mail: biblioteca@unisbc.edu.co | Calle 76 87-14 Robledo Palenque, Medellín, Colombia

Con tecnología Koha